Normal view
MARC view
Entry Topical Term
001 - CONTROL NUMBER
- control field: 10689
003 - CONTROL NUMBER IDENTIFIER
- control field: ARRUPE
005 - DATE AND TIME OF LATEST TRANSACTION
- control field: 20140606145528.0
008 - FIXED-LENGTH DATA ELEMENTS
- fixed length control field: 140606|| aca||aabn | a|a d
040 ## - CATALOGING SOURCE
- Original cataloging agency: ARRUPE
- Transcribing agency: ARRUPE
150 ## - HEADING--TOPICAL TERM
- Topical term or geographic name as entry element: Education
- General subdivision: Church and State
- Geographic subdivision: Great Britain
670 ## - SOURCE DATA FOUND
- Source citation: Work cat.: (ARRUPE): The National Society 10687, A Future in Partnership, 1984